VEX V5 Yapfest - Statistics

General Stats
  • This quiz has been taken 27 times
    20 since last reset
  • The average score is 38 of 426
Answer Stats
Answer % Correct
C++
82%
C-Channel
64%
Drivetrain
64%
Motor
55%
Gear
45%
Python
45%
Radio
45%
Robot Brain
45%
11W Smart Motor
36%
5.5W Motor
36%
Alliance
36%
Battery
36%
Chain
36%
Inertial Sensor
36%
Intake
36%
Plate
36%
PROS
36%
Screw
36%
Shaft
36%
Shaft Collar
36%
Sprocket
36%
Traction
36%
Alliance Stake
27%
Block Coding
27%
Buckyball
27%
Claw
27%
Clawbot
27%
EXP
27%
Field
27%
Game Design Committee
27%
Gusset
27%
Hex Nut
27%
High Stake
27%
High-Strength Shaft
27%
Keps Nut
27%
Ladder
27%
Lift
27%
Manual
27%
Mecanum Wheel
27%
Momentum
27%
Nylock Nut
27%
Odometry
27%
Omni-Directional Wheel
27%
Optical Sensor
27%
Robot
27%
Rubber Band
27%
Rubber Shaft Collar
27%
Sensor
27%
Spacer
27%
Speed
27%
The Claw
27%
Torque
27%
Traction Wheel
27%
V5
27%
Wall Stake
27%
Water Game
27%
3-Wire
18%
Acceleration
18%
Adult
18%
AI Vision Sensor
18%
Aluminum
18%
Arm
18%
Axel
18%
Battery Cable
18%
Bearing
18%
Bridge Battle
18%
Change Up
18%
Climb
18%
codev5.vex.com
18%
Cortex
18%
Download Cable
18%
Drive Team Member
18%
Field Tile
18%
Flex Wheel
18%
Flywheel
18%
Friction
18%
High Stakes
18%
How Big Are Your Teeth?
18%
Left Arcade
18%
Mobile Goal
18%
Motor Cable
18%
Negative Corner
18%
Over Under
18%
Pneumatic
18%
Positive Corner
18%
Rack Gear
18%
Referee
18%
Right Arcade
18%
Ring
18%
Rotation
18%
Screwdriver
18%
Set Screw
18%
Solenoid
18%
Spin Up
18%
Split Arcade
18%
Standoff
18%
Steel
18%
Stripped Screw
18%
Student
18%
Tank Drive
18%
Tournament
18%
VEX Forum
18%
VEX Worlds
18%
Wrench
18%
Zip Tie
18%
2-Motor Drivetrain
9%
3D Printing
9%
3-Wire Expander
9%
4-Bar Arm
9%
4-Motor Drivetrain
9%
6-Bar Arm
9%
Allen Wrench
9%
Alliance Station
9%
Anti-Slip Mat
9%
Autonomous
9%
Autonomous Bonus
9%
Autonomous Win Point
9%
Ball Bearing
9%
Band Saw
9%
Bar
9%
Battery Charger
9%
Bill of Materials
9%
Builder
9%
Bumper Switch
9%
Button
9%
CAD Software
9%
Cam
9%
Cam Follower
9%
Cascade Lift
9%
Catapult
9%
Circumference
9%
Click-On Spacer
9%
Coder
9%
Controller
9%
Conveyor Belt
9%
Designer
9%
Diameter
9%
Disco
9%
Distance Sensor
9%
Drill
9%
Driver Control
9%
Electrostatic Discharge
9%
Elevation
9%
Engineering
9%
Engineering Notebook
9%
Engineering Notebook Manager
9%
Expansion
9%
Field Element
9%
Flip
9%
Floating Intake
9%
Force
9%
Gateway
9%
Gear Ratio
9%
Gyroscope
9%
Heading
9%
Hero Bot
9%
Hole
9%
Interview
9%
Joystick
9%
Locking Screw
9%
Low Profile Bearing
9%
Low-Profile Nut
9%
Low-Strength Shaft
9%
Major Violation
9%
Match Affecting Violation
9%
Match Load
9%
Meta
9%
Minor Violation
9%
Moby
9%
Motor Group
9%
Nut
9%
Nylon Spacer
9%
PID
9%
Pillow Bearing
9%
Pinning
9%
Plastic
9%
Plastic Spacer
9%
Pliers
9%
Potentiometer
9%
Power
9%
Power Drill
9%
Radius
9%
REC Foundation
9%
robotevents.com
9%
Robotics
9%
Rotation Sensor
9%
Round Up
9%
Sack Attack
9%
Scissor Lift
9%
Shaft Adapter
9%
Slingshot
9%
Spur Gear
9%
Square Dance
9%
Star Drive Screw
9%
Starstruck
9%
Steel Washer
9%
STEM
9%
Student-Centered Policy
9%
Super Flip
9%
Tank Tread
9%
Team
9%
Team Freeze Tag
9%
Teflon Washer
9%
Triball
9%
Trigger
9%
Universal Follower
9%
VEXNET
9%
VEX Robotics
9%
vexrobotics.com
9%
VEX V5 Robotics Competition
9%
Vibrate
9%
Violation
9%
Washer
9%
Wi-Fi
9%
Zero Radius Turn
9%
Acclerometer
0%
Accumulator
0%
Ackermann Steering
0%
Actuation
0%
Air Tank
0%
Alliance Captain
0%
Alliance Selection
0%
Angle Gusset
0%
Animate
0%
AprilTag
0%
Assembly
0%
Assembly Drawings
0%
Autonomous Coding Skills Match
0%
Autonomously
0%
Award
0%
Best of 3
0%
Bevel Gear
0%
Bi-Directional Communication
0%
Bottom Up Modeling
0%
Brain Cover
0%
Brake
0%
Browser Menu
0%
Central Processing Unit
0%
Chamfer
0%
Championship Match
0%
Classical Mechanics
0%
Clawbot with Controller
0%
Clean Sweep
0%
Coast
0%
Code of Conduct
0%
Coefficient of Friction
0%
Compound Gear Reduction
0%
Constraint
0%
Conveyance
0%
Cost Benefit
0%
Crown Gear
0%
Crunch
0%
Debugging
0%
Defend The Castle
0%
Defense
0%
Degree of Freedom
0%
Descore
0%
Design by Request
0%
Design Presentation
0%
Design Process
0%
Design Review
0%
Director of Regional Operations
0%
Disablement
0%
Disqualification
0%
Double Qualification
0%
Double Reverse 4-Bar Arm
0%
Downloading
0%
Driver Configurations
0%
Drive Team
0%
Drive Wheel
0%
DWAB Technology
0%
Elasticity
0%
Electromagnet
0%
Elimination
0%
Elimination Bracket
0%
Elimination Match
0%
Energy
0%
Epicyclical Gear
0%
Event Partner
0%
Expansion Limit
0%
Extrude
0%
Factor of Safety
0%
Fillet
0%
Flange
0%
Flat Bearing
0%
Free Current
0%
Free Speed
0%
Gearbox Bracket
0%
Gear Pitch
0%
Get in Shape
0%
Glossary
0%
GPS Sensor
0%
Gravity Rush
0%
Hand Crank
0%
Hang Out
0%
Helical Gear
0%
Hex Nut Retainer
0%
Hex Screw
0%
High Strength Chain
0%
High Strength Sprocket
0%
Hinge
0%
Hoarding
0%
Hold
0%
Holding
0%
Holonomic Drive
0%
Hopper
0%
Ideate
0%
Idler Gear
0%
Implement
0%
Indexing
0%
Innovation
0%
Innovation First International
0%
Inspection
0%
Intake Roller
0%
In the Zone
0%
Invitation
0%
Iteration
0%
It's a Draw!
0%
Joint loading
0%
Joint speed
0%
Judge
0%
Kinetic Friction
0%
League
0%
Level
0%
Level Up
0%
Lever
0%
License Plate
0%
Lifting
0%
Light Sensor
0%
Limit Switch
0%
Linkage
0%
Lock Bar
0%
Loop, There it Is!
0%
Magazine
0%
Magnitude
0%
Maintenance Guide
0%
Manipulator
0%
Manufacturing
0%
Manufacturing Plan
0%
Maximum Static Friction
0%
Mechanical Advanntage
0%
Medbot
0%
Microcontroller
0%
Mirror
0%
Momentum Alley
0%
Motor Cartridge
0%
Navigate the Maze with Driver Control
0%
Non-Qualifying Event
0%
Normal Force
0%
Nothing But Net
0%
Offense
0%
Orientation
0%
Passive Assistance
0%
PET Sheet
0%
Pivot Gusset
0%
Plow
0%
Pneumatic Cylinder
0%
Port
0%
Preload
0%
Pressure Gauge
0%
Pressure Regulator
0%
Prioritization
0%
Proposal
0%
Pro Tips
0%
Prototype
0%
Pulley
0%
Put a Ring on It
0%
Qualifying Award
0%
Qualifying Criteria
0%
Qualifying Event
0%
Qualifying Spots
0%
Quantitative
0%
Rangefinder
0%
Regional Support Manager
0%
Regional Support Specialist
0%
Robo Rally
0%
Robosoccer
0%
Rubber Bumper
0%
Safety Glasses
0%
Scavenger Hunt
0%
Scoop
0%
Scrimmage
0%
Second Degree of Freedom
0%
Servo
0%
Shock Load
0%
Signature Event
0%
Sketch
0%
Skid Steer
0%
Skills Stop Time
0%
Skyrise
0%
SpeedBot
0%
Speedy Delivery
0%
Stall
0%
Standoff Retainer
0%
Starting Position
0%
Starting Volume
0%
Stopping Type
0%
Strategic Design
0%
Strength of Schedule Point
0%
Striker
0%
Structural Design
0%
Subassembly
0%
Subsystem
0%
Switch Block
0%
Time-Out
0%
Tipping Point
0%
To Do, or Not To Do
0%
Tool
0%
Top Down Modelling
0%
Toss Up
0%
Tower Takeover
0%
Trapping
0%
Triple Transfer
0%
Tubing Cutter
0%
Turning Point
0%
Turning Scrub
0%
Valve Stem
0%
Velocity
0%
VersaHex Adapter
0%
VEX AI Robotics Competition
0%
VEX EDR Legacy Curriculum
0%
Winch
0%
Win Percentage
0%
Worm Gear
0%
No matching quizzes found
Score Distribution
Percent of People with Each Score
Percentile by Number Answered
Your Score History
You have not taken this quiz since the last reset